[Event "Schachfestival Senioren"]
[Site "Bad Woerishofen"]
[Date "2023.03.07"]
[Round "5.1"]
[White "Koehler, Gerhard"]
[Black "Geyer, Bernhard"]
[Result "1-0"]
[WhiteElo "2244"]
[BlackElo "2145"]
[PlyCount "83"]
[EventDate "2023.??.??"]
[WhiteTeam "USV Halle/ Saale"]
[BlackTeam "SK Frankenthal"]

1. c4 e5 2. g3 d6 3. Bg2 c6 4. Nc3 g6 5. Nf3 Bg7 6. d4 Qc7 7. O-O Nf6 8. b3 O-O 9. Ba3 Rd8 10. Rc1 Qa5 11. Bb2 e4 12. Ne1 d5 13. cxd5 cxd5 14. f3 Bf5 15. Nc2 Nc6 16. Ne3 Nxd4 17. Qxd4 Ng4 18. Qxg7+ Kxg7 19. Ncxd5+ f6 20. fxg4 Rxd5 21. Nxd5 Qxd5 22. gxf5 gxf5 23. e3 Rd8 24. Rc7+ Rd7 25. Rxd7+ Qxd7 26. Bd4 a5 27. Bh3 Qc6 28. Rxf5 Qc1+ 29. Bf1 Kg6 30. Rxf6+ Kg5 31. Kg2 Qc2+ 32. Rf2 Qb1 33. Bc4 h5 34. a4 Qe1 35. Bd5 Qb4 36. h4+ Kh6 37. Rf6+ Kh7 38. Bxe4+ Kg8 39. Bd5+ Kh7 40. Rf7+ Kg6 41. Rg7+ Kh6 42. Be4 1-0

[Event "Schachfestival Senioren"]
[Site "Bad Woerishofen"]
[Date "2023.03.07"]
[Round "5.2"]
[White "Schatz, Christian"]
[Black "Baum, Bernd"]
[Result "1/2-1/2"]
[WhiteElo "2127"]
[BlackElo "2272"]
[PlyCount "72"]
[EventDate "2023.??.??"]
[WhiteTeam "SC Postbauer-Heng e.V"]
[BlackTeam "SK Marburg 1931/72"]

1. Nf3 d5 2. d4 Nf6 3. c4 e6 4. g3 dxc4 5. Bg2 c5 6. O-O Nc6 7. Qa4 Bd7 8. Qxc4 b5 9. Qd3 c4 10. Qd1 Rc8 11. b3 cxb3 12. axb3 Qb6 13. Bb2 Be7 14. Nc3 O-O 15. e4 Rfd8 16. Qe2 Na5 17. Nd2 Bb4 18. e5 Nd5 19. Bxd5 Bxc3 20. Bxc3 Rxc3 21. Ne4 Rc7 22. Nf6+ gxf6 23. exf6 Kh8 24. Be4 Qxd4 25. Qg4 Qxf6 26. Rxa5 Be8 27. Qh5 Qg7 28. Rd1 Rdc8 29. Qh4 f5 30. Bf3 Qe7 31. Qxe7 Rxe7 32. Be2 Kg7 33. Rda1 Rcc7 34. Bxb5 Bxb5 35. Rxb5 Kf6 36. Ra6 Rb7 1/2-1/2

[Event "Schachfestival Senioren"]
[Site "Bad Woerishofen"]
[Date "2023.03.07"]
[Round "5.3"]
[White "Schumacher, Gottfried"]
[Black "Remensberger, Paul"]
[Result "1-0"]
[WhiteElo "2148"]
[BlackElo "1977"]
[PlyCount "135"]
[EventDate "2023.??.??"]
[BlackTeam "Herrliberg"]

1. e4 e6 2. Nf3 d5 3. exd5 exd5 4. d4 Nc6 5. Bf4 Bd6 6. Bg3 Nge7 7. c3 Bg4 8. Bd3 Qd7 9. Nbd2 Bf5 10. Bxf5 Nxf5 11. Qe2+ Nce7 12. Bxd6 Nxd6 13. O-O O-O 14. Rfe1 Ng6 15. Ne5 Qd8 16. Nxg6 hxg6 17. Qg4 Re8 18. Re5 c6 19. Rae1 Qc7 20. R1e3 Rxe5 21. dxe5 Nf5 22. Re2 Re8 23. e6 Rxe6 24. Rxe6 fxe6 25. Qxg6 Qf7 26. Qg4 Qc7 27. Qe2 e5 28. g3 Qe7 29. Qg4 Nd6 30. Nf3 c5 31. h4 e4 32. Ng5 e3 33. fxe3 Qxe3+ 34. Kg2 Qd2+ 35. Kh3 Qe1 36. Qf4 Qh1+ 37. Kg4 Qd1+ 38. Nf3 Ne4 39. Kf5 Nd6+ 40. Ke6 Ne4 41. c4 Nf6 42. Ne5 dxc4 43. Qxc4 b5 44. Qxc5 a6 45. Qc6 Qd4 46. Qc8+ Kh7 47. Qc2+ Kg8 48. Kf5 Nd5 49. Qd3 Qf2+ 50. Ke6 Nf6 51. b3 Qg2 52. Qf3 Qh3+ 53. Ke7 Qc8 54. Qc6 Qf5 55. Qe6+ Qxe6+ 56. Kxe6 Ne4 57. g4 Nc3 58. a3 Nb1 59. a4 bxa4 60. bxa4 a5 61. Nd7 Nc3 62. Nc5 Kh7 63. Ke5 g5 64. h5 Kh6 65. Kd4 Nd1 66. Nd3 Kg7 67. Kc5 Ne3 68. Nf2 1-0

[Event "Schachfestival Senioren"]
[Site "Bad Woerishofen"]
[Date "2023.03.07"]
[Round "5.4"]
[White "Luciani, Carlo"]
[Black "Rubke, Manfred"]
[Result "1-0"]
[WhiteElo "2194"]
[BlackElo "2093"]
[PlyCount "87"]
[EventDate "2023.??.??"]
[BlackTeam "SAbt TSV Haunstetten"]

1. e4 d6 2. d4 Nf6 3. Nc3 Nbd7 4. Nf3 e5 5. Bc4 Be7 6. O-O O-O 7. Re1 c6 8. a4 a5 9. Ba2 h6 10. h3 Nh7 11. Be3 Re8 12. Qd2 Bf8 13. Rad1 Qe7 14. Ne2 exd4 15. Nfxd4 Qxe4 16. Bxh6 Qg6 17. Be3 Ne5 18. c3 c5 19. Bb1 Qf6 20. Nb5 Rd8 21. Nc7 Rb8 22. Nd5 Qh4 23. Bf4 Be6 24. Qc2 g6 25. Bg3 Qh6 26. Nef4 Bf5 27. Qb3 Bxb1 28. Rxb1 g5 29. Ne2 Qe6 30. c4 Qf5 31. Bxe5 dxe5 32. Ng3 Qe6 33. Qe3 f6 34. Rbd1 Rd7 35. Ne4 Rf7 36. Rd3 b6 37. Rb3 g4 38. hxg4 Qxg4 39. Qd2 Qe6 40. Rh3 Rbb7 41. Ree3 f5 42. Reg3+ Rg7 43. Qh6 Qc8 44. Ndf6+ 1-0

[Event "Schachfestival Senioren"]
[Site "Bad Woerishofen"]
[Date "2023.03.07"]
[Round "5.5"]
[White "Kierzek, Matthias"]
[Black "Mueller, Erich"]
[Result "1/2-1/2"]
[WhiteElo "2177"]
[BlackElo "2024"]
[PlyCount "55"]
[EventDate "2023.??.??"]
[WhiteTeam "SC Fulda"]
[BlackTeam "SK 1962 Ladenburg"]

1. d4 d6 2. e4 e5 3. Nf3 exd4 4. Nxd4 g6 5. Nc3 Bg7 6. Be2 Nf6 7. O-O O-O 8. Bg5 h6 9. Bh4 Bd7 10. f4 Qe8 11. Bf3 Nc6 12. Bf2 Qc8 13. h3 Re8 14. Qd3 Nxd4 15. Bxd4 Bc6 16. e5 dxe5 17. Bxe5 Rd8 18. Qc4 Bxf3 19. Rxf3 c6 20. f5 g5 21. Raf1 Qd7 22. Rd3 Qe7 23. Bxf6 Bxf6 24. Ne4 Rxd3 25. cxd3 Qe5 26. b3 Rd8 27. g4 Rd4 28. Qc2 1/2-1/2

[Event "Schachfestival Senioren"]
[Site "Bad Woerishofen"]
[Date "2023.03.07"]
[Round "5.6"]
[White "Wagner, Werner"]
[Black "Krueger, Erich"]
[Result "1/2-1/2"]
[WhiteElo "1740"]
[BlackElo "2176"]
[PlyCount "110"]
[EventDate "2023.??.??"]
[WhiteTeam "SC GEMA St.Ingbert"]
[BlackTeam "SF Essen-Katernberg 04/32 e. V."]

1. d4 Nf6 2. Bf4 g6 3. e3 Bg7 4. Nf3 d6 5. Be2 O-O 6. Nbd2 Nh5 7. Bg3 Nxg3 8. hxg3 c5 9. c3 cxd4 10. exd4 Nc6 11. Qb3 Na5 12. Qb4 Qc7 13. d5 Qc5 14. Qh4 h6 15. Rc1 Qxd5 16. b3 Bf5 17. b4 g5 18. Qh2 Qxa2 19. bxa5 Qb2 20. O-O g4 21. Rb1 Bxb1 22. Rxb1 Qxc3 23. Rf1 gxf3 24. Nxf3 Rac8 25. Qh5 Rc5 26. Qg4 Qxa5 27. Bd3 f5 28. Qg6 Qa2 29. Bb1 Qf7 30. Nh4 Qxg6 31. Nxg6 Re8 32. Re1 e6 33. Ba2 Kf7 34. Nf4 d5 35. Bb3 b5 36. Bd1 e5 37. Bh5+ Ke7 38. Bxe8 Kd6 39. Nd3 Rc3 40. Bxb5 Rb3 41. Ba6 Ra3 42. Nb4 e4 43. Rc1 Ra1 44. Rxa1 Bxa1 45. Nc2 Be5 46. Kf1 d4 47. Bc8 d3 48. Ne3 f4 49. gxf4 Bxf4 50. Nd1 Kc5 51. Bf5 Kd4 52. Be6 a5 53. Bd7 Kc4 54. Be6+ Kd4 55. Bd7 Kc4 1/2-1/2

[Event "Schachfestival Senioren"]
[Site "Bad Woerishofen"]
[Date "2023.03.07"]
[Round "5.7"]
[White "Daeubler, Heinrich"]
[Black "McAndrew, Robert"]
[Result "1-0"]
[WhiteElo "2145"]
[BlackElo "1874"]
[PlyCount "67"]
[EventDate "2023.??.??"]
[WhiteTeam "SF Haselmuehl/Amberg"]
[BlackTeam "Gambit Bonnevoie"]

1. g3 g6 2. Bg2 Bg7 3. Nf3 Nf6 4. O-O O-O 5. d4 d6 6. c4 c5 7. Nc3 Nc6 8. d5 Na5 9. Qd3 a6 10. Nd2 Bf5 11. e4 Bd7 12. h3 b5 13. e5 dxe5 14. Nce4 Nxc4 15. Nxc5 Nd6 16. Qe2 Qc8 17. Nxd7 Qxd7 18. Qxe5 Rac8 19. Re1 Rfe8 20. Qf4 e6 21. dxe6 Rxe6 22. Rxe6 Qxe6 23. Nf1 Nc4 24. Ne3 Ne5 25. Bd2 Nd3 26. Qd4 Ne5 27. Bc3 Nh5 28. Qd2 h6 29. Rd1 Kh7 30. Qd5 Re8 31. Qxe6 Rxe6 32. Bd5 Rd6 33. Kg2 f5 34. Bg8+ 1-0

[Event "Schachfestival Senioren"]
[Site "Bad Woerishofen"]
[Date "2023.03.07"]
[Round "5.8"]
[White "Kroell, Johannes"]
[Black "Kievelitz, Bernd"]
[Result "1/2-1/2"]
[WhiteElo "2127"]
[BlackElo "1854"]
[PlyCount "103"]
[EventDate "2023.??.??"]
[WhiteTeam "Reutte"]
[BlackTeam "Zitadelle Spandau"]

1. Nc3 c5 2. e4 a6 3. g4 b5 4. Bg2 Bb7 5. d3 e6 6. Bf4 d6 7. Bg3 Be7 8. f4 Nd7 9. Nf3 Qc7 10. O-O Ngf6 11. h3 h6 12. Qd2 Nb6 13. Rae1 Nfd7 14. Nd1 O-O-O 15. c3 d5 16. e5 Nf8 17. b3 c4 18. Nd4 Bc5 19. Bf2 Kb8 20. Qe3 Rc8 21. b4 Bxd4 22. Qxd4 Nfd7 23. Nb2 Qc6 24. dxc4 Nxc4 25. Nd1 Ncb6 26. Re3 Nc4 27. Re2 Ndb6 28. f5 Rhf8 29. Qf4 Na4 30. Bd4 Ka8 31. h4 Qe8 32. Ref2 Qe7 33. fxe6 Qxe6 34. Bh3 Qe7 35. g5 hxg5 36. hxg5 Rce8 37. e6 f6 38. gxf6 gxf6 39. Bxf6 Rg8+ 40. Kh2 Qh7 41. Qh4 Qxh4 42. Bxh4 Rh8 43. Bf6 Rh7 44. e7 Bc8 45. Rf3 Nd2 46. Ne3 Nxf1+ 47. Nxf1 Bxh3 48. Rxh3 Rhxe7 49. Bxe7 Rxe7 50. Rd3 Re2+ 51. Kg3 Rxa2 52. Ne3 1/2-1/2

[Event "Schachfestival Senioren"]
[Site "Bad Woerishofen"]
[Date "2023.03.07"]
[Round "5.9"]
[White "Neumann, Joachim"]
[Black "Zwetz, Anita"]
[Result "1-0"]
[WhiteElo "2026"]
[BlackElo "1827"]
[PlyCount "63"]
[EventDate "2023.??.??"]
[WhiteTeam "Agon Neumuenster"]
[BlackTeam "TSV Kareth-Lappersdorf"]

1. Nf3 d5 2. g3 Nf6 3. Bg2 Bf5 4. c4 c6 5. b3 e6 6. Bb2 Nbd7 7. d3 Bb4+ 8. Nbd2 dxc4 9. bxc4 O-O 10. O-O Qc7 11. a3 Bxd2 12. Qxd2 Rad8 13. Qc3 Nc5 14. a4 Rfe8 15. a5 h6 16. Ne5 Ncd7 17. a6 Nxe5 18. Qxe5 Qxe5 19. Bxe5 Nd7 20. Bc3 Nb8 21. axb7 a6 22. Be5 c5 23. Bxb8 Rxb8 24. Rxa6 e5 25. Bc6 Red8 26. Ra8 e4 27. Rfa1 Kh7 28. Rxb8 Rxb8 29. Ra8 exd3 30. exd3 Rxb7 31. Bxb7 Bxd3 32. Bd5 1-0

[Event "Schachfestival Senioren"]
[Site "Bad Woerishofen"]
[Date "2023.03.07"]
[Round "5.10"]
[White "Scharrer, Udo"]
[Black "Neese, Hans-Joachim"]
[Result "1/2-1/2"]
[WhiteElo "1942"]
[BlackElo "2058"]
[PlyCount "37"]
[EventDate "2023.??.??"]
[WhiteTeam "SV Dicker Turm Esslingen"]
[BlackTeam "SV Hennef 1927 e. V."]

1. d4 Nf6 2. c4 e6 3. Nc3 d5 4. cxd5 exd5 5. Bg5 c6 6. e3 Nbd7 7. Bd3 Bd6 8. Nge2 O-O 9. Qc2 h6 10. Bh4 Re8 11. h3 Qa5 12. Bg3 Bf8 13. O-O b5 14. a3 Qb6 15. Rac1 Bb7 16. e4 dxe4 17. Nxe4 Nxe4 18. Bxe4 c5 19. Bxb7 1/2-1/2

[Event "Schachfestival Senioren"]
[Site "Bad Woerishofen"]
[Date "2023.03.07"]
[Round "5.12"]
[White "Remensberger, Hansuli"]
[Black "Gerl, Hans"]
[Result "1-0"]
[WhiteElo "2103"]
[BlackElo "1883"]
[PlyCount "127"]
[EventDate "2023.??.??"]
[WhiteTeam "Chessflyers"]
[BlackTeam "SGem 1882 Fuerth"]

1. c4 Nf6 2. g3 e5 3. Bg2 Nc6 4. Nf3 d5 5. cxd5 Nxd5 6. Nc3 Nb6 7. O-O Bb4 8. d3 O-O 9. Bd2 h6 10. a3 Be7 11. Rc1 Be6 12. Ne4 Nd4 13. Nxd4 exd4 14. Nc5 Bxc5 15. Rxc5 c6 16. Ba5 Qf6 17. Rc1 Nd5 18. Bd2 Rfe8 19. Qc2 Rad8 20. e4 dxe3 21. fxe3 Qe7 22. Rce1 Qd7 23. d4 Bh3 24. e4 Bxg2 25. Kxg2 Ne7 26. Bc3 Ng6 27. Qf2 Re6 28. Qf5 b6 29. h4 a5 30. Rf3 Qe7 31. Qg4 Nf8 32. h5 Qg5 33. Qh3 Qe7 34. Rfe3 Nh7 35. R3e2 Re8 36. e5 Qd7 37. Qg4 Ng5 38. Kg1 Qd5 39. Rf2 f6 40. Ref1 fxe5 41. dxe5 Ne4 42. Rf7 Ng5 43. R7f2 Ne4 44. Rf7 Ng5 45. R7f4 R6e7 46. Kh2 c5 47. Rd1 Qe6 48. Qxe6+ Nxe6 49. Rf2 Ng5 50. Re1 Rf8 51. Rxf8+ Kxf8 52. Kg2 Re6 53. Bd2 Nf7 54. Bf4 Ke7 55. Kf3 Kd7 56. Rd1+ Kc7 57. Ke4 Kc6 58. Kf5 Re8 59. a4 Rd8 60. e6 Rxd1 61. exf7 Rd8 62. Kg6 Kd7 63. Kxg7 Ke7 64. Bxh6 1-0

[Event "Schachfestival Senioren"]
[Site "Bad Woerishofen"]
[Date "2023.03.07"]
[Round "5.13"]
[White "Pfitzer, Norbert"]
[Black "Wegemund, Hubert"]
[Result "1/2-1/2"]
[WhiteElo "2061"]
[BlackElo "1869"]
[PlyCount "48"]
[EventDate "2023.??.??"]
[WhiteTeam "SV Backnang"]
[BlackTeam "SK Norderstedt von 1975"]

1. Nf3 Nf6 2. d4 e6 3. g3 b6 4. Bg2 Bb7 5. O-O Be7 6. c4 O-O 7. d5 Na6 8. Nc3 Bb4 9. Ng5 Nc5 10. Nb5 a6 11. Nd4 h6 12. Nc2 hxg5 13. Nxb4 Nfe4 14. Be3 f5 15. f3 Nd6 16. Rc1 f4 17. Bf2 Qf6 18. Bd4 e5 19. Bxc5 bxc5 20. Nd3 Nf5 21. Qa4 Rf7 22. g4 Ne3 23. Rfe1 d6 24. Nf2 Qh6 1/2-1/2

[Event "Schachfestival Senioren"]
[Site "Bad Woerishofen"]
[Date "2023.03.07"]
[Round "5.14"]
[White "Cordara, Michele"]
[Black "Keller, Harald"]
[Result "1/2-1/2"]
[WhiteElo "1917"]
[BlackElo "2051"]
[PlyCount "43"]
[EventDate "2023.??.??"]
[WhiteTeam "Scaccomattissimo"]
[BlackTeam "SV Rottweil"]

1. c4 e5 2. g3 Nf6 3. Bg2 c6 4. b3 d5 5. Bb2 Bd6 6. d3 O-O 7. e4 dxe4 8. dxe4 Na6 9. Nc3 Qe7 10. Nge2 Rd8 11. O-O Bg4 12. h3 Bc5 13. Qe1 Bxe2 14. Qxe2 Rd7 15. Rfd1 Rad8 16. Rxd7 Rxd7 17. Rd1 Bd4 18. Na4 Qd8 19. Kh2 Bxb2 20. Rxd7 Qxd7 21. Qxb2 Qd6 22. Qc3 1/2-1/2

[Event "Schachfestival Senioren"]
[Site "Bad Woerishofen"]
[Date "2023.03.07"]
[Round "5.15"]
[White "Green, Per"]
[Black "Witte, Ronald"]
[Result "0-1"]
[WhiteElo "1876"]
[BlackElo "2009"]
[PlyCount "88"]
[EventDate "2023.??.??"]
[WhiteTeam "Argryte SK"]
[BlackTeam "BSV 63 Chemie Weissensee"]

1. c4 Nf6 2. g3 e6 3. Bg2 d5 4. Nf3 Be7 5. O-O O-O 6. d4 c6 7. Qc2 b6 8. Nbd2 Bb7 9. e4 c5 10. cxd5 exd5 11. e5 Ne4 12. Nxe4 dxe4 13. Nd2 Qxd4 14. Nxe4 Nc6 15. Rd1 Qxe5 16. Bf4 Qf5 17. Re1 Nd4 18. Qc3 Rad8 19. a3 Ba6 20. Bf1 Bxf1 21. Kxf1 g5 22. Bc1 Nf3 23. Kg2 Nxe1+ 24. Qxe1 Rfe8 25. f3 Bf6 26. g4 Rxe4 27. Qxe4 Qxe4 28. fxe4 Rd1 29. Kf2 Be5 30. Ke2 Rh1 31. Kd3 Bf4 32. Bxf4 Rxa1 33. Bxg5 Rg1 34. Bf4 Rxg4 35. Bb8 a6 36. Ba7 c4+ 37. Kxc4 Rxe4+ 38. Kd3 Re6 39. Bb8 b5 40. b3 Kg7 41. a4 bxa4 42. bxa4 Kg6 43. a5 Kg5 44. Bc7 Kg4 0-1

[Event "Schachfestival Senioren"]
[Site "Bad Woerishofen"]
[Date "2023.03.07"]
[Round "5.16"]
[White "Nordby, Bernt"]
[Black "Ganslmayer, Anton"]
[Result "1-0"]
[WhiteElo "2001"]
[BlackElo "1856"]
[PlyCount "73"]
[EventDate "2023.??.??"]
[WhiteTeam "Fredrikstad Schakselskap"]
[BlackTeam "SV Jedesheim"]

1. d4 Nf6 2. c4 e6 3. Nc3 Bb4 4. Qc2 c5 5. dxc5 Nc6 6. Nf3 Bxc5 7. Bg5 O-O 8. a3 h6 9. Bxf6 Qxf6 10. Ne4 Qe7 11. e3 Bb6 12. c5 Bc7 13. Rd1 b6 14. Bb5 Rb8 15. b4 bxc5 16. Bxc6 dxc6 17. Qxc5 Qxc5 18. Nxc5 a5 19. Nd4 axb4 20. Nxc6 Rb5 21. axb4 Bb6 22. Ne7+ Kh7 23. Nxc8 Rxc8 24. Nd3 e5 25. e4 Rc4 26. f3 Bd4 27. Ke2 Rc2+ 28. Rd2 Rc6 29. g4 Kg6 30. h4 Rd6 31. Rc1 Kf6 32. Rc4 g5 33. h5 Ke7 34. Ra2 Rb7 35. Ra8 Kf6 36. Rac8 Rbd7 37. Rh8 1-0

[Event "Schachfestival Senioren"]
[Site "Bad Woerishofen"]
[Date "2023.03.07"]
[Round "5.17"]
[White "Wild, Helmut"]
[Black "Kierzek, Mira"]
[Result "0-1"]
[WhiteElo "1855"]
[BlackElo "1989"]
[PlyCount "72"]
[EventDate "2023.??.??"]
[WhiteTeam "SK Gau-Algesheim"]
[BlackTeam "SC Fulda"]

1. c4 Nf6 2. Nc3 e5 3. Nf3 Nc6 4. a3 a5 5. d4 exd4 6. Nxd4 d6 7. e4 h6 8. Be2 Be7 9. O-O O-O 10. Be3 Re8 11. Rc1 Bf8 12. f3 Ne5 13. Qd2 c6 14. Rfd1 Qe7 15. Na4 Qc7 16. Nb6 Qxb6 17. Ne6 c5 18. Nxf8 Rxf8 19. Qxd6 Qxd6 20. Rxd6 Be6 21. Rb6 Rfb8 22. b3 Ned7 23. Rb5 b6 24. b4 axb4 25. axb4 Ra2 26. Bf1 Ra3 27. Bf4 Rc8 28. bxc5 bxc5 29. Rc2 Ra1 30. Kf2 Rca8 31. Rbb2 R8a4 32. Bd6 Ne8 33. Rb8 Nxb8 34. Bxb8 R4a2 35. Rxa2 Rxa2+ 36. Kg3 Ra4 0-1

[Event "Schachfestival Senioren"]
[Site "Bad Woerishofen"]
[Date "2023.03.07"]
[Round "5.18"]
[White "Walther, Reinhard"]
[Black "Wulf, Juergen"]
[Result "1-0"]
[WhiteElo "1987"]
[BlackElo "1841"]
[PlyCount "85"]
[EventDate "2023.??.??"]
[WhiteTeam "SK 1911 Herzogenaurach e.V."]
[BlackTeam "Markdorf"]

1. d4 Nf6 2. Bg5 e6 3. e4 h6 4. Bxf6 Qxf6 5. c3 c5 6. Nf3 Nc6 7. e5 Qd8 8. Nbd2 cxd4 9. cxd4 d5 10. Qb3 Bd7 11. Bb5 Be7 12. O-O O-O 13. Rac1 Qb6 14. Bxc6 bxc6 15. Qe3 Bc8 16. Rc3 Ba6 17. Rfc1 Rfc8 18. Rb3 Qa5 19. a3 c5 20. Rbc3 cxd4 21. Nxd4 Qb6 22. Nc6 Bg5 23. Qxb6 axb6 24. f4 Bd8 25. Kf2 Kf8 26. Ke3 Bb7 27. Nxd8 Rxd8 28. Nf3 Rdc8 29. Rc7 Ba6 30. Nd4 Rxc7 31. Rxc7 Rc8 32. Ra7 Bf1 33. Rb7 Bxg2 34. Rxb6 g5 35. fxg5 hxg5 36. Rc6 Rb8 37. b3 Ke8 38. Rc7 Bh3 39. b4 f6 40. exf6 e5 41. Nc6 Ra8 42. Nxe5 Rxa3+ 43. Kd4 1-0

[Event "Schachfestival Senioren"]
[Site "Bad Woerishofen"]
[Date "2023.03.07"]
[Round "5.19"]
[White "Fiedler, Wolfgang"]
[Black "Speicher, Franz"]
[Result "1-0"]
[WhiteElo "1990"]
[BlackElo "1790"]
[PlyCount "87"]
[EventDate "2023.??.??"]
[WhiteTeam "SC Schwarz-Weiss Nuernberg Sued e.V."]
[BlackTeam "Dicker Turm Esslingen"]

1. f4 Nf6 2. Nf3 d5 3. d4 e6 4. e3 Bd6 5. Nbd2 a6 6. Bd3 c5 7. c3 Nc6 8. Ne5 Ne7 9. O-O c4 10. Bc2 b5 11. Qf3 g6 12. b3 Rb8 13. b4 Bb7 14. a4 Ne4 15. Nxe4 dxe4 16. Bxe4 Bxe4 17. Qxe4 f5 18. Qf3 O-O 19. axb5 Bxe5 20. fxe5 axb5 21. e4 fxe4 22. Qxe4 Rxf1+ 23. Kxf1 Qd5 24. Qxd5 Nxd5 25. Bd2 Rb7 26. Ke2 Kg7 27. Ra6 Kf7 28. Ra3 Kg7 29. Bg5 h6 30. Be3 h5 31. Kd2 Ne7 32. Bg5 Nf5 33. g3 Kf7 34. Ke2 Ng7 35. Kf3 Ne8 36. Ra8 Nc7 37. Rh8 Ra7 38. Bf6 Ra3 39. Rh7+ Ke8 40. Rxc7 Rxc3+ 41. Ke4 Rb3 42. d5 exd5+ 43. Kxd5 Ra3 44. e6 1-0

[Event "Schachfestival Senioren"]
[Site "Bad Woerishofen"]
[Date "2023.03.07"]
[Round "5.20"]
[White "Mitschka, Manfred"]
[Black "Stern, Geoffrey"]
[Result "0-1"]
[WhiteElo "1686"]
[BlackElo "1980"]
[PlyCount "56"]
[EventDate "2023.??.??"]
[WhiteTeam "SK Neuburg"]
[BlackTeam "Gambit Bonnevoie"]

1. d4 e6 2. Nf3 d5 3. e3 Nf6 4. Bd3 c5 5. b3 Qa5+ 6. Bd2 Qc7 7. Ne5 Nc6 8. f4 cxd4 9. Nxc6 bxc6 10. exd4 Be7 11. O-O O-O 12. Qe2 c5 13. Be3 Bb7 14. Nd2 Rac8 15. c4 Rfd8 16. cxd5 Nxd5 17. Bxh7+ Kxh7 18. Qh5+ Kg8 19. Rf3 Nf6 20. Qh4 Bxf3 21. Nxf3 cxd4 22. Bxd4 Bc5 23. Bxc5 Qxc5+ 24. Kh1 Qh5 25. Qf2 Qf5 26. Ng5 Ne4 27. Nxe4 Qxe4 28. Re1 Qd4 0-1

[Event "Schachfestival Senioren"]
[Site "Bad Woerishofen"]
[Date "2023.03.07"]
[Round "5.21"]
[White "Lechner, Otto"]
[Black "Schwalb, Manfred"]
[Result "1/2-1/2"]
[WhiteElo "1820"]
[BlackElo "1955"]
[PlyCount "49"]
[EventDate "2023.??.??"]
[WhiteTeam "TSV Wertingen 1862 SAbt"]
[BlackTeam "SV Calw"]

1. d4 Nf6 2. Nf3 g6 3. Nc3 Bg7 4. e4 d6 5. Be3 O-O 6. Qd2 Ng4 7. Bg5 h6 8. Bh4 Nc6 9. h3 Nf6 10. Be2 Re8 11. d5 Ne5 12. Nxe5 dxe5 13. Rd1 Kh7 14. Bg3 Nd7 15. O-O Rf8 16. Bc4 a6 17. a4 b6 18. Qe2 a5 19. Nb5 Ba6 20. b3 Nc5 21. f4 Bxb5 22. Bxb5 Qd6 23. f5 g5 24. Be1 Nd7 25. Bxd7 1/2-1/2

[Event "Schachfestival Senioren"]
[Site "Bad Woerishofen"]
[Date "2023.03.07"]
[Round "5.22"]
[White "Larem, Ewald"]
[Black "Di Lazzaro, Gabriele"]
[Result "1-0"]
[WhiteElo "2070"]
[BlackElo "1810"]
[PlyCount "79"]
[EventDate "2023.??.??"]
[WhiteTeam "SC Rotenburg"]

1. d4 Nf6 2. c4 e5 3. dxe5 Ne4 4. Nf3 d6 5. e3 Nc6 6. exd6 Bxd6 7. Be2 O-O 8. Nbd2 Nc5 9. O-O Bf5 10. Nb3 Qf6 11. Nxc5 Bxc5 12. Qd5 b6 13. e4 Ne7 14. Qd3 Bg6 15. Qc2 Qc6 16. Bd3 Rad8 17. Ne5 Qf6 18. Nxg6 Nxg6 19. g3 Ne5 20. Be2 Nf3+ 21. Bxf3 Qxf3 22. Bf4 Rd7 23. Rae1 Qg4 24. Kg2 Rfd8 25. f3 Qg6 26. Rd1 Qe6 27. b3 h6 28. Bxc7 Rc8 29. Bf4 g5 30. Bc1 Rcd8 31. Rd5 Rxd5 32. cxd5 Qg6 33. Rd1 h5 34. Bb2 h4 35. Qc3 Kh7 36. Qf6 Qg8 37. Qf5+ Kh6 38. Rc1 Bd6 39. Rc6 Qg6 40. Qf6 1-0

[Event "Schachfestival Senioren"]
[Site "Bad Woerishofen"]
[Date "2023.03.07"]
[Round "5.23"]
[White "Laustsen, Karl-Johan"]
[Black "Naeckel, Gerhard"]
[Result "1/2-1/2"]
[WhiteElo "1804"]
[BlackElo "2146"]
[PlyCount "53"]
[EventDate "2023.??.??"]
[WhiteTeam "1.FC Marktleuthen"]
[BlackTeam "SV Steinitz Puettlingen"]

1. d4 Nf6 2. Bf4 e6 3. e3 c5 4. c3 Nc6 5. Nd2 Be7 6. Bd3 O-O 7. Ngf3 Nd5 8. Bg3 cxd4 9. Nxd4 d6 10. Qc2 h6 11. e4 Nxd4 12. cxd4 Nb4 13. Qc3 Nxd3+ 14. Qxd3 f5 15. f3 f4 16. Bf2 d5 17. O-O Bd7 18. e5 Qb6 19. a4 a5 20. Rfc1 Rfc8 21. b3 Be8 22. Qf1 Bb4 23. Qd1 Bc3 24. Nc4 Rxc4 25. bxc4 Bxa1 26. c5 Qc6 27. Rxa1 1/2-1/2

[Event "Schachfestival Senioren"]
[Site "Bad Woerishofen"]
[Date "2023.03.07"]
[Round "5.24"]
[White "Kleinhenz, Hans-Georg"]
[Black "Rueberg, Jobst"]
[Result "1/2-1/2"]
[WhiteElo "1796"]
[BlackElo "2090"]
[PlyCount "85"]
[EventDate "2023.??.??"]
[WhiteTeam "Stolberger SV 1927"]
[BlackTeam "SV Ahlen 1954 e. V."]

1. d4 Nf6 2. Nf3 e6 3. g3 b6 4. Bg2 Bb7 5. O-O Be7 6. b3 O-O 7. Bb2 d6 8. c4 Nbd7 9. Nbd2 Ne4 10. Nxe4 Bxe4 11. Nd2 Bxg2 12. Kxg2 a5 13. a3 Qb8 14. a4 Qb7+ 15. f3 c6 16. h4 b5 17. Qc2 Rfb8 18. Rab1 bxc4 19. bxc4 Qa6 20. Ba3 Bf8 21. Ne4 d5 22. Ng5 Nf6 23. Bxf8 Rxf8 24. Rfc1 h6 25. Nh3 Rab8 26. Nf4 Rxb1 27. Qxb1 dxc4 28. Qa2 Nd5 29. e4 Nxf4+ 30. gxf4 Rb8 31. Kh3 Rb3 32. Qg2 Qb7 33. Rxc4 f5 34. exf5 exf5 35. Rc5 Qf7 36. Rxa5 Qh5 37. Kg3 Qg6+ 38. Kh3 Qh5 39. Kg3 Kh7 40. Qe2 Qg6+ 41. Kh2 Qh5 42. Kg3 Qg6+ 43. Kh2 1/2-1/2

[Event "Schachfestival Senioren"]
[Site "Bad Woerishofen"]
[Date "2023.03.07"]
[Round "5.25"]
[White "Steinberg, Sven"]
[Black "Hager, Eberhard"]
[Result "1/2-1/2"]
[WhiteElo "2011"]
[BlackElo "1778"]
[PlyCount "37"]
[EventDate "2023.??.??"]
[WhiteTeam "TSV Trostberg"]
[BlackTeam "SK Friedberg im Gehoerl. Sportverein"]

1. e4 d6 2. d4 Nf6 3. Nc3 c6 4. f3 Nbd7 5. Bc4 e5 6. Be3 Be7 7. Bb3 O-O 8. Nge2 b5 9. Qd2 a5 10. a3 Ba6 11. O-O Qc7 12. Rfd1 c5 13. dxc5 dxc5 14. Nd5 Nxd5 15. Bxd5 Rad8 16. Ng3 g6 17. Bg5 Nf6 18. Bxf6 Bxf6 19. Nf1 1/2-1/2

[Event "Schachfestival Senioren"]
[Site "Bad Woerishofen"]
[Date "2023.03.07"]
[Round "5.26"]
[White "Klimpel, Siegfried"]
[Black "Heppell, Ian N"]
[Result "0-1"]
[WhiteElo "1768"]
[BlackElo "1965"]
[PlyCount "66"]
[EventDate "2023.??.??"]
[WhiteTeam "TSV Kareth-Lappersdorf"]
[BlackTeam "Wimbledon"]

1. d4 d6 2. Nc3 Nf6 3. Bf4 Nbd7 4. Nf3 c5 5. e3 g6 6. Bc4 Bg7 7. h4 Qa5 8. Qd2 a6 9. Ng5 O-O 10. Nf3 b5 11. Bd5 Rb8 12. e4 b4 13. Ne2 Nxd5 14. exd5 cxd4 15. h5 Qxd5 16. hxg6 fxg6 17. Bh6 Qf7 18. Bxg7 Qxg7 19. Ng5 Nf6 20. Qxd4 Rb5 21. f4 h6 22. Nf3 Bf5 23. Qa7 e5 24. Qxa6 Rd5 25. fxe5 dxe5 26. Qc4 Rc8 27. Qa6 Rxc2 28. Qa8+ Rc8 29. Qa4 Qf8 30. Qa7 Rc2 31. Qe3 Ng4 32. Qb3 Qc5 33. Rd1 Qf2# 0-1

[Event "Schachfestival Senioren"]
[Site "Bad Woerishofen"]
[Date "2023.03.07"]
[Round "5.27"]
[White "Halli, Gerhard"]
[Black "Kundt, Guenther"]
[Result "1/2-1/2"]
[WhiteElo "1957"]
[BlackElo "1776"]
[PlyCount "90"]
[EventDate "2023.??.??"]
[WhiteTeam "SK 1947 Sandhausen e.V."]
[BlackTeam "SSC Graal-MÃ¼ritz"]

1. d4 d5 2. Bf4 c5 3. e3 Nc6 4. c3 Qb6 5. Qb3 c4 6. Qxb6 axb6 7. Na3 Na7 8. Nc2 e6 9. e4 Ne7 10. f3 Ng6 11. Bd2 Bd7 12. Be2 Be7 13. Nh3 dxe4 14. fxe4 Bc6 15. Nf2 b5 16. O-O Nc8 17. g3 Nd6 18. Bf3 O-O 19. Bg2 Rad8 20. Nb4 Nc8 21. Nxc6 bxc6 22. a4 c5 23. Be3 cxd4 24. cxd4 b4 25. Rfc1 Nd6 26. d5 Bf6 27. Rc2 b3 28. Re2 exd5 29. exd5 c3 30. bxc3 Bxc3 31. Rb1 Rb8 32. Bc5 Bb4 33. Bxd6 Bxd6 34. Reb2 Ra8 35. Ne4 Rfd8 36. Nxd6 Rxd6 37. Rxb3 Rxa4 38. Rb8+ Nf8 39. R8b6 Rxb6 40. Rxb6 Ra1+ 41. Kf2 g6 42. Rb7 Ra2+ 43. Kg1 Ra1+ 44. Kf2 Ra2+ 45. Kf3 Rd2 1/2-1/2